Playhouse Disney/Disney Junior Characters: Letter J - Statistics

General Stats
  • This quiz has been taken 19 times
  • The average score is 5 of 9
Answer Stats
Picture Answer % Correct
Jake
93%
JoJo Tickle
79%
Jeff Wiggle
71%
June
71%
James
57%
Jelly Otter
50%
Jade
43%
Johnny
43%
Junior
14%
No matching quizzes found
Score Distribution
Percent of People with Each Score
Percentile by Number Answered
Your Score History
You have not taken this quiz